000
00360nam a2200157Ia 4500
003
0STCL
008
150530s9999 xx 000 0 und d
040
_a
STCL
_c
STCL
100
_a
Chopra, B.S.K.S.
245
_a
Business policy for Indian industries
260
_c
1985
546
_a
English
942
_2
ddc
_c
BK
999
_c
43025
_d
43025
005
20220125170603.0